LEADER 00895nam a2200217 i 4500 001 000000188520 003 CaOOAMICUS 005 20100413000000.0 008 100413s1954 it u000 u ita u 013 $a166711 040 $aSeMil$bita 100 1 $aAcocella, Nicola.$0(OLS)http://semarc/name/26153 245 13$aLa traslazione di San Matteo :$bdocumenti e testimonianze /$cNicola Acocella. 260 $aSalerno :$bGrafica Di Giacomo,$c1954. 300 $a62 p. :$bill. ;$c25 cm. 500 $aContiene : Appendice. 650 4$aMatteo .$0(OLS)http://semarc/subject/35475 850 $aSeMil 852 $aSeMil$W1$xVenegono$y1$m3H VI 26$j139159$B139159$CSeMilBibl$Z2$F150758 $81 996 $6245$aLa traslazione di San Matteo :$bdocumenti e testimonianze$9(OLS)http://semarc/title/271302 996 $6260$aSalerno :$bGrafica Di Giacomo$9(OLS)http://semarc/publisher/50084 LEADER 00928nam a2200229 i 4500 001 000000001358 003 CaOOAMICUS 005 20220308175546.0 008 180830s1965 it u000 u ita u 040 $aSeMil$bita 100 1 $aMeli, Giovanni,$d<1740-1815>.$0(OLS)http://semarc/name/1222 245 10$aOpere /$cGiovanni Meli ; a cura di Giorgio Santangelo. 260 $aMilano :$bRizzoli,$c1965-1968. 300 $av. ;$c20 cm. 490 1 $aI classici Rizzoli 700 1 $aSantangelo, Giorgio,$d<1917-1997>.$0(OLS)http://semarc/name/1223 774 0 $tBuccolica ; La lirica ; Poesie diverse.$g1$w()76106 774 0 $tFavole morali ; La fata galante ; Don chisciotte ; Poesie postume.$g2$w()76107 830 2$aI classici Rizzoli.$0(OLS)http://semarc/title/7352 996 $6245$aOpere$9(OLS)http://semarc/title/2208 996 $6260$aMilano :$bRizzoli$9(OLS)http://semarc/publisher/29824